Essentials of marketing research : (رقم التسجيلة. 38103)

تفاصيل مارك
000 -الفاتح
حقل البيانات ثابتة الطول 00684cam a2200217 i 4500
001 - رقم الضبط
رقم الضبط 17892813
003 - محدد رقم الضبط
رقم الضبط OSt
005 - وقت وتاريخ اخر تعامل مع التسجيلة
رقم الضبط 20150818032441.0
008 - عناصر البيانات ثابتة الطول - معلومات عامة
حقل البيانات ثابتة الطول 130920s2015 maua g b 001 0 eng d
020 ## - الرقم الدولى المعيارى للكتب
الرقم الدولى المعيارى للكتاب 9781292060163
040 ## - مصدر الفهرسة
وكالة الفهرسة الأصلية Ma-un
لغة الفهرسة eng
082 00 - رقم تصنيف ديوى العشرى
رقم التصنيف 658.83
رقم الطبعة 22
رقم المادة MNE
100 1# - المدخل الرئيسى - إسم شخصى
الإسم الشخصى Malhotra, Naresh K.
9 (RLIN) 50787
245 10 - بيان العنوان
العنوان Essentials of marketing research :
بقية العنوان a hands-on orientation /
بيان المسئوليه,etc Naresh K. Malhotra.
250 ## - بيان الطبعة
بيان الطبعة Global edition.
260 ## - PUBLICATION, DISTRIBUTION, ETC. (IMPRINT)
مكان الناشر او الموزع Boston :
اسم الناشر او الموزع Pearson Education,
تاريخ النشر أو التوزيع 2015
300 ## - الوصف المادى
التعداد xxiv, 408 pages :
تفاصيل ماديه اخرى للوعاء color illustrations ;
أبعاد الوعاء 28 cm
504 ## - تبصرة ببليوجرافية
تبصرة ببليوجرافية,الخ Includes bibliographical references and index.
650 #0 - المدخل الاضافى بالموضوع-مصطلح موضوعى
مصطلح موضوعي أو اسم جغرافي كعنصر مدخل Marketing research.
9 (RLIN) 50788
942 ## -
-- ddc
-- BOOK
999 ## -
-- 38103
-- 272603
المقتنيات
حالة الفقد نموذج السعر الفعال حالة تلف ليس للاعارة رقم الطلب رقم النسخة تاريخ الاكتساب Serial Enumeration / chronology الباركود الفرع الرئيسي Date last seen نوع المادة فى نظام كوها مصدر التصنيف او خطة الترفيف Total Checkouts
  2015-08-18   Not For Loan 658.83 MNE 1 2015-08-18 CL 00220185 المكتبة المركزية بالمجمعة (CL) 2015-08-18 كتاب Dewey Decimal Classification  
  2015-08-18     658.83 MNE 2 2015-08-18 CL 00220184 المكتبة المركزية بالمجمعة (CL) 2015-08-18 كتاب Dewey Decimal Classification  
  2015-08-18     658.83 MNE 3 2015-08-18 CL 00220183 المكتبة المركزية بالمجمعة (CL) 2015-08-18 كتاب Dewey Decimal Classification